000
00193 a2200097 4500
001
22704
100
_a
Arnold, T.
245
_a
Legacy of Islam
260
_a
_b
Oxford
_c
090
_c
15348
_d
15348
942
_a
NUST-CAE
_c
M
_c
5945
999
_c
257777
_d
257777